1302 1077 1725 1082 1475 1140 1724 1231 1787 1390 1978 1956 1826 1244 1178 1445 1827 1006 1162 1820 1599 1706 1279 1231 1343 1445 1636 1613 1633 1662 1738 1291 1628 1115 1386 1428 1896 1307 1071 1241 1160 1736 1086 1257 1206 1530 1024 1508 1119 1443 1558 1491 1006 1629 1337 1492 1555 1293 1577 1361 1468 1727 1714 1145 1859 1339 1460 1871 1630 1544 1369 1465 1263 1566 1308 1622 1819 1269 1585 1366 1002 1861 1536 1930 1230 1133 1508 1524 1356 1610 1018 1440 1582 1370 1122 1609 1441 1588 1201 BCNSPRNW ULIB Ver.6.0+V

เปลี่ยนเป็นภาษาไทย

Change to English
 แสดงรายละเอียดบรรณานุกรม
  กลับหน้าหลัก

Brief Record : Get Marc (ISO 2709) : E-mail record : QR code < ปิดหน้าต่าง
LEADER : 00000nam 2200000uu 4500
001    13399114872
003     ULIB
008    120612s2545||||th 000 0 tha d
060 04 ^aWA546^bร661ค 2545
110 1  ^aกระทรวงสาธารณสุข กรมสุขภาพจิต
245 00 ^aคู่มือฝึกอบรมผู้ปฏิบัติงานในศูนย์สุขภาพชุมชนหลักสูตรการบริหารต่อเนื่อง/^cรุจิรา มังคละศิริ, 2545
260    นนทบุรี :^bกรมสุขภาพจิต,^c2545
300    ^a149 หน้า.
650  7 ^aการดำเนินงานศูนย์สุขภาพชุมชน
700 0  ^aรุจิรา มังคละศิริ,^eบรรณาธิการ
710 2  ^aสำนักงานสาธารณสุข กรมสุขภาพจิต
945    ^p0^l0^i24522
945    ^p0^l0^i24523
995    ^aกัณชพร
999    ^aใช้งานได้ทุกระบบ
รายการนี้ยังไม่มีแท็ก
คุณยังไม่ได้ล็อกอิน คุณสามารถมีกิจกรรมร่วมกับเว็บไซต์ได้ แต่ต้องล็อกอินก่อน ::
  ล็อกอิน

รายการสื่อสารสนเทศ

ลำดับที่ ประเภท เลขเรียก/บาร์โค้ด สถานที่ สถานะ
- ไม่พบข้อมูล -

รายการใกล้เคียง
    หัวเรื่อง [การดำเนินงานศูนย์สุขภาพชุมชน]

BibComment


ยังไม่เคยถูกคอมเมนท์

คอมเมนท์ทรัพยากรรายการนี้
  คอมเมนท์: คู่มือฝึกอบรมผู้..


 Copyright 2026. Bcnsprnw @Library